000 00403nam a2200157 i 4500
001 bg
100 1 _aBŁĘDZKI, Andrzej
245 0 _aObliczenia w laboratorium fizykochemii polimerów /
_cA. Błędzki, T. Spychaj.
260 _aSzczecin,
_c1984.
700 1 _aSPYCHAJ, Tadeusz
040 _cBPK
041 _apol
080 _a678(075.8)
942 _cKS
008 s pl f |000 0 pol
999 _c3148
_d3148
856 _uhttp://koha.tu.koszalin.pl/cgi-bin/koha/opac-detail.pl?biblionumber=3148
_yKatalog online BPK